000 01268nam a22004690a 4500
001 PT49760
003 AR-LpoUNG
005 20260130013955.0
008 201001s2013||||ag |||||||||||||||||spa d
020 _a9789876301589
_c$39,95
040 _aAR-LpoUNG
_bspa
_eaacr
041 _aspa
044 _aag
082 0 _a334.01 217otr
100 1 _aMaidana, Daniel
_ecomp.
245 1 0 _aHacia otra economía
250 _a1ra. ed.
260 _aBuenos Aires :
_bUniversidad Nacional de General Sarmiento,
_c2013.
300 _a215 p. :
_bil.
490 0 _aTextos institucionales ;
_vno. 9
650 4 _aANALISIS ECONOMICO
650 4 _aANALISIS HISTORICO
650 4 _aCOOPERATIVAS
650 4 _aDESARROLLO ECONOMICO Y SOCIAL
650 4 _aECONOMIA
650 4 _aEMPLEO
650 4 _aESTADO
650 4 _aFINANCIAMIENTO
650 4 _aMERCADO
650 4 _aMOVIMIENTOS COOPERATIVOS
650 4 _aPOLITICA SOCIAL
650 4 _aRECONSTRUCCION DE LA ECONOMIA
650 4 _aSISTEMAS ECONOMICOS
650 4 _aTEORIA ECONOMICA
650 4 _aTRABAJO
653 0 _aECONOMIA SOCIAL
653 0 _aECONOMIA SOLIDARIA
700 1 _aCostanzo, Valeria
_ecomp.
700 1 _aRinesi, Eduardo
_epról.
_95
905 _a49760
942 _cLIB
_2ddc
999 _c51190
_d51190